| 000 | 00396nam a2200145Ia 4500 | ||
|---|---|---|---|
| 008 | 210719s1965 xx 000 0 und d | ||
| 041 | _aeng | ||
| 082 | _a320.473 BEAE | ||
| 100 | _aBEARD (Charles A) | ||
| 245 | _aEconomic interpretation of the constitution of the united states. | ||
| 260 |
_aNY _bThe Free Press _c1965 |
||
| 300 |
_axx,330 _bPB |
||
| 365 | _cRs | ||
| 650 | _aPolitical Thought | ||
| 999 |
_c212726 _d212726 |
||